00417nam a2200145Ia 4500003000400000008004100004040001600045082001700061100002200078245009400100260004200194300001100236490000500247650001900252GCL140319s9999 xx 000 0 ara d aGCL / cGCL04a276.1bف ا1 aفهيم عزيز10aالفكر اللاهوتى فى رسائل الرسول بولس / cفهيم عزيز a[S.N] : bدار الجيل ، c1977 a443 ص a04aاللاهوت